000 00511nam a2200145 a 4500
001 000044566
005 20201002045451.0
008 140717s1969 sp ac 000 p spa d
040 _aDO-SdBNP
_bspa
_cBNPHU
082 _axxxx
_bxxxx
100 1 _aAsturias, Miguel Ángel
_938151
245 1 0 _aComiendo en Hungría /
_cMiguel Ángel Asturias & Pablo Neruda; aperitivo por Iván Boldizsár; léxico abreviado por Zoltán Halász.
260 _aBarcelona :
_bLumen,
_c1969.
300 _a120 p. :
_bil., retrs. ;
_c25 cm.
999 _c44055
_d44055